JetPunk Geography Standards - Statistics

General Stats
  • This quiz has been taken 40 times
    18 since last reset
  • The average score is 11 of 16
Answer Stats
Question Answer % Correct
How is Mongolia's capital spelled? Ulaanbaatar
100%
What country is Western Sahara part of? Morocco
94%
What continent is Turkey in? Asia
88%
What continent is Trinidad and Tobago in? North America
88%
Three of these are countries. Select the one that is not. Palestine
88%
What is the first letter of the country with capital Kinshasa? D
81%
What is the flag of Afghanistan?
75%
How many countries does the United Kingdom border? 1
75%
What continent is Cyprus in? Asia
75%
What country is Crimea part of? Russia
75%
How is Ukraine's capital spelled? Kyiv
69%
What is the first letter of the country with capital Palikir? F
56%
How many countries does France border? 10
50%
Three of these countries have multiple capitals. Select the one that does not. Sri Lanka
44%
What is the most populous city in the world? Guangzhou
38%
What country is the West Bank part of? None
31%
No matching quizzes found
Score Distribution
Percent of People with Each Score
Percentile by Number Answered
Your Score History
You have not taken this quiz since the last reset